Madhya Pradesh district gazetteers: Raigarh (Record no. 487096)

000 -LEADER
fixed length control field 00321cam a22001097a 4500
008 - FIXED-LENGTH DATA ELEMENTS--GENERAL INFORMATION
fixed length control field 180718b1976 xxu||||| |||| 00| 0 eng d
082 ## - DEWEY DECIMAL CLASSIFICATION NUMBER
Classification number A75 M264RA
100 ## - MAIN ENTRY--PERSONAL NAME
Personal name Guru, S.D.
245 ## - TITLE STATEMENT
Title Madhya Pradesh district gazetteers: Raigarh
Statement of responsibility, etc. by S.D. Guru
260 ## - PUBLICATION, DISTRIBUTION, ETC.
Place of publication, distribution, etc. Bhopal
Name of publisher, distributor, etc. District Gazetteers Department
Date of publication, distribution, etc. 1976
300 ## - PHYSICAL DESCRIPTION
Extent 462+p.
Holdings
Withdrawn status Lost status Damaged status Not for loan Permanent Location Current Location Date acquired Full call number Barcode Date last seen Price effective from Koha item type
        Indian Institute of Public Administration Indian Institute of Public Administration 2018-08-04 A75 M264RA GG18154 2018-08-04 2018-08-04 GG

Powered by Koha